| 000 | 00726nam a22002537a 4500 | ||
|---|---|---|---|
| 003 | CHAP | ||
| 005 | 20220329134109.0 | ||
| 008 | 971013s r 00010 d | ||
| 010 | _a15307 | ||
| 011 | _a16279 | ||
| 035 | _a20358 | ||
| 040 | _cCHAP | ||
| 082 |
_a595.7 _bH5 |
||
| 100 | 0 | 0 |
_aHicks, Ellis A. _955161 |
| 245 | _aCheck-list and bibliography on the ocurrence of insects on birds' rests | ||
| 260 |
_aAmes : _bIowa State College, _c(s.a.) |
||
| 300 | _a681 p. | ||
| 590 |
_aBATCH-UPD _b10 _c20130110 _lUCH01 _h1810 |
||
| 590 |
_aCONVERSION _b10 _c20130109 _lUCH01 _h1310 |
||
| 650 | 1 | 4 |
_aInsectos. _958888 |
| 901 | _aBK | ||
| 942 | _cLIBRO | ||
| 949 |
_a595.7 H5 _bBC _cLIBRO _d33724000348801 _eLIBRO _h17175 _i20358 _si |
||
| 999 |
_c15307 _d15307 |
||